पर्व-महाभारताचा व त्यातील दैवी व्यक्तिरेखांचा वास्तव आणि मानवी दृष्टीकोनातून घेतलेला परामर्ष. (Record no. 1344539)

MARC details
000 -LEADER
fixed length control field 01430nam a2200181Ia 4500
008 - FIXED-LENGTH DATA ELEMENTS--GENERAL INFORMATION
fixed length control field 151202s9999||||xx |||||||||||||| ||und||
082 ## - DEWEY DECIMAL CLASSIFICATION NUMBER
Item number PNVM-79930
100 ## - MAIN ENTRY--PERSONAL NAME
Personal name भैरप्पा एस्. एल्. /अनु. कुलकर्णी उमा.
245 ## - TITLE STATEMENT
Title पर्व-महाभारताचा व त्यातील दैवी व्यक्तिरेखांचा वास्तव आणि मानवी दृष्टीकोनातून घेतलेला परामर्ष.
260 ## - PUBLICATION, DISTRIBUTION, ETC. (IMPRINT)
Name of publisher, distributor, etc "मेहता पब्लिशिंग हाऊस,पुणे."
260 ## - PUBLICATION, DISTRIBUTION, ETC. (IMPRINT)
Date of publication, distribution, etc 2014
300 ## - PHYSICAL DESCRIPTION
Extent 776
600 ## - SUBJECT ADDED ENTRY--PERSONAL NAME
Personal name भैरप्पा एस्. एल्. /अनु. कुलकर्णी उमा.
630 ## - SUBJECT ADDED ENTRY--UNIFORM TITLE
Uniform title पर्व-महाभारताचा व त्यातील दैवी व्यक्तिरेखांचा वास्तव आणि मानवी दृष्टीकोनातून घेतलेला परामर्ष.
700 ## - ADDED ENTRY--PERSONAL NAME
Personal name भैरप्पा एस्. एल्. /अनु. कुलकर्णी उमा.
730 ## - ADDED ENTRY--UNIFORM TITLE
Uniform title पर्व-महाभारताचा व त्यातील दैवी व्यक्तिरेखांचा वास्तव आणि मानवी दृष्टीकोनातून घेतलेला परामर्ष.
942 ## - ADDED ENTRY ELEMENTS (KOHA)
Koha item type Book
Holdings
Withdrawn status Lost status Damaged status Not for loan Home library Current library Date acquired Cost, normal purchase price Total Checkouts Full call number Barcode Date last seen Cost, replacement price Price effective from Koha item type
        Pune Nagar Vachan Mandir, Pune Pune Nagar Vachan Mandir, Pune 09/09/2015 400.00   PNVM-79930 PNVM-79930 12/02/2015 400.00 12/02/2015 Book